000 00721cab a2200217 4500
001 WB3009-39
008 090401t1994 xxu||||| |||| 00| 0 eng d
035 _a(Sirsi) u30791
041 _aeng
245 _aAdverse possession: intention
260 _c1994
350 _a0
490 _aEstates Gazette Case Summaries
_v1994 EGCS 25 (26/2/94)
520 _a"Hughes v Cork" CA 14 February 1994. Allowed plaintiff`s claim on appeal that he had acquired possessory title to land under the provisions of the Limitation Act 1980.
650 _aADVERSE POSSESSION
650 _aLIMITATION ACT 1980
650 _aPOSSESSORY TITLE
690 _aPROPERTY LAW AND PRACTICE-CASE LAW
942 _n0
948 _c04/03/1997
999 _c20750
_d20750